[Event "Najdorf Memorial Open"]
[Site "Warsaw POL"]
[Date "2008.08.06"]
[Round "5"]
[White "Pozzo,S"]
[Black "Szewczak,And"]
[Result "0-1"]
[WhiteElo "1980"]
[BlackElo "1902"]

1.d4 Nf6 2.Bg5 Ne4 3.Bf4 d6 4.f3 Nf6 5.e4 c6 6.g4 Qb6 7.Ne2 Qxb2 8.Nbc3 Qb6
9.e5 Nd5 10.Nxd5 cxd5 11.exd6 Be6 12.c4 dxc4 13.Qa4+ Qc6 14.Nc3 Bd7 15.Qxc4 Qxf3
16.d5 Na6 17.Qd4 Rc8 18.Rc1 Nc5 19.Be2 Qxh1+ 20.Kf2 Qxc1 21.Bxc1 f6 22.Ba3 e5
23.Qe3 Bxd6 24.Nb5 Bxb5 25.Bxb5+ Ke7 26.Kg2 a6 27.Be2 b5 28.g5 f5 29.Bb2 Nd7
30.a4 Rc2 31.Ba3 b4 32.Qd3 Rxe2+ 33.Qxe2 bxa3 34.Qxa6 Rb8 35.Qf1 g6 36.a5 e4
37.a6 Rb2+ 38.Kh1 a2 39.a7 Rb1 40.a8=Q Rxf1+  0-1

[Event "12th HZ Open"]
[Site "Vlissingen NED"]
[Date "2008.08.07"]
[Round "7"]
[White "Piket,Jo"]
[Black "Bezemer,A"]
[Result "1/2-1/2"]
[WhiteElo "2186"]
[BlackElo "2324"]

1.d4 Nf6 2.Bg5 Ne4 3.h4 d5 4.Nd2 c5 5.Nxe4 dxe4 6.dxc5 Qa5+ 7.c3 Qxc5 8.Qa4+ Qc6
9.Qxc6+ Nxc6 10.O-O-O e5 11.f3 Be6 12.Kb1 Bc5 13.fxe4 f6 14.Bc1 O-O 15.e3 a6
16.Be2 b5 17.Nf3 Rab8 18.b4 Be7 19.a3 Na7 20.h5 Nc8 21.Nh4 Nd6 22.Bd3 Rfc8
23.Bb2 Bg4 24.Rd2 Rd8 25.Kc2 Bxh5 26.Nf5  1/2-1/2

[Event "IV RC Sport Open"]
[Site "Ceska Trebova CZE"]
[Date "2008.08.08"]
[Round "1"]
[White "Kireev,Al"]
[Black "Pulpan,J"]
[Result "1-0"]
[WhiteElo "2387"]
[BlackElo "1955"]

1.d4 Nf6 2.Bg5 Ne4 3.Bh4 d5 4.e3 g6 5.Nd2 Nxd2 6.Qxd2 Bg7 7.Nf3 O-O 8.Bd3 Nd7
9.O-O c5 10.c3 Re8 11.Rfd1 Qc7 12.Rac1 e6 13.c4 cxd4 14.cxd5 dxe3 15.Rxc7 exd2
16.Bb5 exd5 17.Bxd7 Bxd7 18.Rxd7 Bxb2 19.Rxd2 Rac8 20.h3 Bc1 21.R2xd5 Bf4
22.g3 Rc1+ 23.Kg2 Bc7 24.Ng5 Rf8 25.Ne4 Rc2 26.Rc5 Rxc5 27.Nxc5 Bb6 28.Nxb7 Rc8
29.Bd8 Rc2 30.Bxb6 axb6 31.a4 Rc4 32.a5 bxa5 33.Nxa5 Ra4 34.Nc6 h5 35.Ne5 h4
36.Nxf7 hxg3 37.Kxg3  1-0

[Event "95th ch-GBR"]
[Site "Liverpool ENG"]
[Date "2008.08.08"]
[Round "11"]
[White "Yeo,M"]
[Black "Jackson,O"]
[Result "0-1"]
[WhiteElo "2110"]
[BlackElo "2221"]

1.d4 Nf6 2.Bg5 Ne4 3.Bf4 c5 4.f3 Qa5+ 5.c3 Nf6 6.Nd2 cxd4 7.Nb3 Qb6 8.Qxd4 Nc6
9.Qxb6 axb6 10.e4 d5 11.e5 Nh5 12.Be3 Nxe5 13.Nd4 Nd7 14.Nb5 Kd8 15.a4 e5
16.b4 d4 17.Bd2 dxc3 18.Bxc3 Nf4 19.Bc4 Nxg2+ 20.Kf2 Nf4 21.Ne2 Be7 22.Rhd1 Bh4+
23.Kf1 Ke7 24.Nxf4 exf4 25.Bxg7 Rg8 26.Re1+ Bxe1 27.Rxe1+ Ne5 28.Rxe5+ Be6
29.Bxe6 fxe6 30.Bh6 Rxa4 31.Bxf4 Rxb4 32.Rg5 Rxg5 33.Bxg5+ Kd7 34.Nc3 Rb2
35.Na4 Rxh2 36.Nxb6+ Kc6 37.Be3 h5 38.Nc4 b5 39.Na5+ Kd5 40.Bf2 Rh1+ 41.Bg1 Rh4
42.Nb3 Kc4 43.Nd2+ Kd3 44.Nb3 Kc4 45.Nd2+ Kc3 46.Ne4+ Rxe4 47.fxe4 b4 48.Bh2 b3
49.Be5+ Kc2  0-1

[Event "Arctic Chess Challenge"]
[Site "Tromso NOR"]
[Date "2008.08.08"]
[Round "7"]
[White "Forsaa,E"]
[Black "Kovachev,D"]
[Result "1/2-1/2"]
[WhiteElo "2282"]
[BlackElo "2202"]

1.d4 Nf6 2.Bg5 Ne4 3.Bf4 c5 4.f3 Qa5+ 5.c3 Nf6 6.Nd2 cxd4 7.Nb3 Qd8 8.cxd4 e6
9.e4 Nh5 10.Be3 Bb4+ 11.Nd2 f5 12.g3 b6 13.a3 Bxd2+ 14.Qxd2 fxe4 15.fxe4 Bb7
16.Bg5 Qc7 17.Rc1 Qd6 18.Be2 O-O 19.Qe3 Nf6 20.Bxf6 gxf6 21.Bf3 Nc6 22.Ne2 Ba6
23.Rd1 Qe7 24.e5 fxe5 25.dxe5 Rf5 26.Bxc6 dxc6 27.Rd6 Rd8 28.Nd4 Rxd6 29.exd6 Qxd6
30.Nxf5 exf5 31.Kf2 Bc4 32.Re1 Bf7 33.Qe5 Qd3 34.Qb8+ Kg7 35.Qe5+ Kg6 36.Qc3 Qd6
37.Qe5 Qd3 38.h4 h6 39.Qc3 Qd6 40.Qe5 Qd3 41.Re3 Qd1 42.Re1 Qd3  1/2-1/2

[Event "US Open"]
[Site "Dallas USA"]
[Date "2008.08.10"]
[Round "9"]
[White "Yeager,D"]
[Black "Greanias,S"]
[Result "1-0"]
[WhiteElo "2335"]
[BlackElo "2109"]

1.d4 Nf6 2.Bg5 Ne4 3.Bf4 e6 4.f3 Bd6 5.Bxd6 Nxd6 6.e4 f5 7.Nc3 Qg5 8.e5 Nf7
9.Qd2 Qxd2+ 10.Kxd2 Nc6 11.Nb5 Kd8 12.c3 a6 13.Na3 d6 14.f4 dxe5 15.fxe5 b6
16.h4 Bb7 17.Nh3 Ke7 18.Nf4 g5 19.hxg5 Nxg5 20.Ke3 Rag8 21.Bd3 Nd8 22.Rh2 Ne4
23.Bxe4 Bxe4 24.Rah1 h6 25.Nc4 Nf7 26.Nd2 Rg3+ 27.Kf2 Rg4 28.Rh4 Bc2 29.Rxg4 fxg4
30.Nh5 c5 31.Nf6 cxd4 32.cxd4 Bf5 33.Rc1 h5 34.Rc7+ Kf8 35.Rc8+ Ke7 36.Rxh8 Nxh8
37.Nxh5 Nf7 38.Nf6 Nd8 39.Ke3 Nc6 40.a3 Kd8 41.Nc4 Kc7 42.Nd6 Ne7 43.Kf4 Nc6
44.Nxf5 exf5 45.d5 Nd4 46.Ne8+ Kd7 47.Ng7  1-0

[Event "FSGM August"]
[Site "Budapest HUN"]
[Date "2008.08.13"]
[Round "12"]
[White "Duong The Anh"]
[Black "Hirneise,T"]
[Result "1/2-1/2"]
[WhiteElo "2445"]
[BlackElo "2481"]

1.d4 Nf6 2.Bg5 Ne4 3.Bf4 e6 4.f3 Bb4+ 5.c3 Bd6 6.Bxd6 Nxd6 7.e4 f5 8.e5 Nf7
9.f4 b6 10.Be2 Bb7 11.Bf3  1/2-1/2

[Event "Open A"]
[Site "Vladimir RUS"]
[Date "2008.08.15"]
[Round "4"]
[White "Molchanova,T"]
[Black "Savina,A"]
[Result "0-1"]
[WhiteElo "2349"]
[BlackElo "2269"]

1.d4 Nf6 2.Bg5 Ne4 3.Bf4 c5 4.dxc5 Nxc5 5.Nc3 Nc6 6.Nf3 d6 7.e4 g6 8.Bc4 Bg7
9.O-O O-O 10.Re1 Bg4 11.h3 Ne6 12.Bg3 Ne5 13.Bxe5 Bxf3 14.Qxf3 Bxe5 15.Nd1 Rc8
16.Bb3 Nd4 17.Qd3 Nxb3 18.axb3 a6 19.c3 Qb6 20.b4 Bf4 21.Ne3 Bxe3 22.Rxe3 Qc6
23.h4 Qc4 24.Qd2 Rcd8 25.Ra5 e6 26.h5 b6 27.Rg5 h6 28.Rg4 g5 29.Rd3 f5 30.Rd4 Qc7
31.exf5 e5 32.Rd5 Rxf5 33.Qd3 Rf6 34.Re4 Rdf8 35.Rexe5 Qf7 36.f3 dxe5 37.Rd7 e4
38.Qd4 Qe6 39.fxe4 Rf1+ 40.Kh2 Qf6 41.Qd5+ Kh8 42.Qd4 Qxd4  0-1

[Event "8th Savaria Summer IM"]
[Site "Szombathely HUN"]
[Date "2008.08.18"]
[Round "5"]
[White "Pataki,G"]
[Black "Torok,S"]
[Result "1/2-1/2"]
[WhiteElo "2364"]
[BlackElo "2320"]

1.d4 Nf6 2.Bg5 Ne4 3.Bf4 d5 4.f3 Nd6 5.Nc3 e6 6.e4 c6 7.Qd2 b5 8.a3 Be7 9.Bd3 Nc4
10.Bxc4 bxc4 11.Nge2 Nd7 12.O-O Nf6 13.Kh1 O-O 14.Rfd1 a5 15.Bg5 Rb8 16.e5 Nd7
17.Bxe7 Qxe7 18.Na4 Rb5 19.Nec3 Rb8 20.Ne2 Rb5 21.Nec3 Rb7 22.Ne2 c5 23.Qxa5 cxd4
24.f4 f6 25.exf6 Nxf6 26.Rxd4 e5 27.fxe5 Qxe5 28.Rd2 Re7 29.Nac3 Kh8 30.Qc5 Ng4
31.Ng3 Bb7 32.Qd4 Qg5 33.Rf1 Rxf1+ 34.Nxf1 Re1 35.Rd1 Ne3 36.Qd2 d4 37.Kg1 Bxg2
38.Qxe1 Bxf1+ 39.Qg3 Qxg3+ 40.hxg3 Nxd1 41.Nxd1 Be2 42.Nf2 d3 43.cxd3 cxd3
44.Ne4 Bf3 45.Nd2 Bc6 46.Kf2 h5 47.Ke3 Bb5 48.b3 Kh7 49.a4 Ba6 50.b4 g5 51.b5 Bb7
52.Kxd3 h4 53.gxh4 gxh4 54.Ke3 h3 55.Nf1 Kg6 56.a5 Kf5 57.a6 Bg2 58.Ng3+ Ke5
59.b6 Kd6 60.Kf2 Bc6 61.b7 Kc7 62.Kg1 Kb8 63.Nf5 Bxb7 64.axb7 h2+ 65.Kxh2 Kxb7  1/2-1/2

[Event "44th Rubinstein Mem Open A"]
[Site "Polanica Zdroj POL"]
[Date "2008.08.21"]
[Round "3"]
[White "Betkowski,A"]
[Black "Weichhold,P"]
[Result "1-0"]
[WhiteElo "2201"]
[BlackElo "2022"]

1.d4 Nf6 2.Bg5 Ne4 3.Bf4 c5 4.d5 d6 5.f3 Nf6 6.e4 g6 7.Nc3 Bg7 8.Qd2 O-O
9.Nge2 Re8 10.h4 e6 11.dxe6 Bxe6 12.Bxd6 Nc6 13.e5 Nd7 14.f4 f6 15.h5 fxe5
16.hxg6 hxg6 17.f5 Bxf5 18.Ng3 Nd4 19.Nce4 Nf6 20.Nxf5 Nxe4 21.Qxd4 Nxd6
22.Qxd6 Qxd6 23.Nxd6 Red8 24.Bc4+ Kf8 25.O-O-O  1-0

[Event "5th DA Tan Malaysian Open"]
[Site "Kuala Lumpur MAS"]
[Date "2008.08.23"]
[Round "9"]
[White "Zhang Zhong"]
[Black "Karavade,E"]
[Result "1-0"]
[WhiteElo "2632"]
[BlackElo "2297"]

1.d4 Nf6 2.Bg5 Ne4 3.Bf4 c5 4.f3 Qa5+ 5.c3 Nf6 6.d5 Qb6 7.b3 e6 8.e4 exd5
9.exd5 Bd6 10.Bg5 O-O 11.Bxf6 gxf6 12.Bd3 c4 13.Bxc4 Qe3+ 14.Kf1 Bc5 15.Qd2 Qe5
16.f4 Qh5 17.b4 Bb6 18.Be2 Qf5 19.Na3 Bc7 20.d6 Bd8 21.Nf3 Nc6 22.Nc2 b5
23.Bd3 Qh5 24.Ne3 Bb6 25.Nd5 Bd8 26.Be2 Qh6 27.a4 bxa4 28.Rxa4 Re8 29.Qa2 f5
30.b5 Qxd6 31.bxc6 dxc6 32.Nb4 Qxf4 33.Nd3 Qd6 34.g3 Re4 35.Nf4 Bb7 36.Rxa7 Rb8
37.Kg2 Bb6 38.Rd1 Qe7 39.Ra4 c5 40.Rxe4 fxe4 41.Nh4 Qe5 42.Qc4 Bc6 43.Rb1  1-0

[Event "16th Nikea Open"]
[Site "Athens GRE"]
[Date "2008.08.25"]
[Round "1"]
[White "Karagiannis,A"]
[Black "Koerant,F"]
[Result "1-0"]
[WhiteElo "2357"]
[BlackElo "2096"]

1.d4 Nf6 2.Bg5 Ne4 3.Bf4 e6 4.f3 Bd6 5.Bxd6 Nxd6 6.Nc3 f5 7.e4 O-O 8.e5 Nf7
9.f4 b6 10.Nf3 Bb7 11.d5 exd5 12.Nxd5 Nc6 13.Bc4 Na5 14.Be2 Kh8 15.O-O Bxd5
16.Qxd5 Qe7 17.Rad1 Rad8 18.Nd4 g6 19.Rfe1 c6 20.Qf3 Nb7 21.e6 Nfd6 22.exd7 Ne4
23.Bd3 Qxd7 24.Bxe4 fxe4 25.Qxe4 Rfe8 26.Ne6 Qxe6 27.Rxd8 Nxd8 28.Qd4+ Kg8
29.Rxe6 Nxe6 30.Qd7 Kf8 31.Qxh7  1-0

[Event "Jessie Gilbert Celebration Int"]
[Site "Coulsdon ENG"]
[Date "2008.08.25"]
[Round "10"]
[White "Paulmichl,M"]
[Black "Grey,N"]
[Result "1-0"]
[WhiteElo "2099"]
[BlackElo "1758"]

1.d4 Nf6 2.Bg5 Ne4 3.Bh4 c5 4.f3 Qa5+ 5.c3 Nf6 6.d5 d6 7.e4 Nbd7 8.Na3 a6
9.Nc4 Qc7 10.a4 g6 11.Bd3 Bg7 12.f4 O-O 13.Nf3 Rb8 14.a5 b5 15.axb6 Nxb6
16.Na5 Nbxd5 17.exd5 Nxd5 18.Nc4 Nxf4 19.O-O d5 20.Ne3 Rxb2 21.Bg3 e5 22.Bxf4 exf4
23.Nxd5 Qa7 24.Bc4 Be6 25.Rxa6 Qb7 26.Ra2 Bxc3 27.Rxb2 Bxb2 28.Qb3 Bxd5 29.Bxd5 Qxb3
30.Bxb3 Rb8 31.Bd5 Rd8 32.Bc4 h6 33.h3 Kg7 34.Re1 Bd4+ 35.Kf1 Rd7 36.Rd1 Kf6
37.Rb1 Be3 38.Rb6+ Kf5 39.Ke1 h5 40.Ra6  1-0

[Event "TCh-MNE Premier"]
[Site "Herceg Novi MNE"]
[Date "2008.08.27"]
[Round "3"]
[White "Kosic,D"]
[Black "Djukanovic,S"]
[Result "1-0"]
[WhiteElo "2516"]
[BlackElo "2296"]

1.d4 Nf6 2.Bg5 Ne4 3.Bf4 d5 4.e3 Bf5 5.f3 Nf6 6.g4 Bg6 7.h4 h6 8.c4 e6 9.Nc3 c6
10.Qb3 Qc8 11.Rc1 Nbd7 12.cxd5 Nxd5 13.Nxd5 exd5 14.h5 Bh7 15.Ne2 Be7 16.Ng3 O-O
17.Bd3 Nf6 18.Kf2 Bxd3 19.Qxd3 Qd7 20.Nf5 Nh7 21.Be5 Bf6 22.Bd6 Rfe8 23.a4 Re6
24.Bf4 a5 25.Rc2 Ra6 26.Qd2 Qd8 27.b4 axb4 28.Qxb4 Qa8 29.Rb1 b6 30.Bd6 Bd8
31.Qc3 g6 32.hxg6 fxg6 33.Nxh6+ Kg7 34.Be5+ Kf8  1-0

[Event "TCh-MNE Premier"]
[Site "Herceg Novi MNE"]
[Date "2008.08.28"]
[Round "4"]
[White "Ivanisevic,I"]
[Black "Brenjo,S"]
[Result "1/2-1/2"]
[WhiteElo "2664"]
[BlackElo "2486"]

1.d4 Nf6 2.Bg5 Ne4 3.Bf4 c5 4.f3 Qa5+ 5.c3 Nf6 6.d5 d6 7.e4 g6 8.Na3 Bg7
9.Nc4 Qd8 10.a4 O-O 11.Qd2 Nbd7 12.Ne2 Ne5 13.Nxe5 dxe5 14.Bg5 c4 15.Ng3 Qc7
16.Be2 Rd8 17.b3 cxb3 18.O-O b6 19.c4 Ba6 20.Rfc1 Qc5+ 21.Kh1 Qd4 22.Rab1 Qxd2
23.Bxd2 Nd7 24.Rxb3 Nc5 25.Ra3 e6 26.a5 h5 27.axb6 axb6 28.Rca1 Bb7 29.Nf1 Rxa3
30.Rxa3 Ra8 31.Rxa8+ Bxa8 32.Be3 Bf8 33.Nd2 Bb7 34.Kg1 f5 35.g3 Bd6 36.Kg2 f4
37.Bf2 Kf7 38.Nb1 Na4 39.Bd1 Nb2 40.Be2 Na4 41.Bd1 Nb2 42.Be2 Na4 43.h3  1/2-1/2

[Event "TCh-SRB 1st League"]
[Site "Subotica SRB"]
[Date "2008.09.01"]
[Round "1"]
[White "Damljanovic,B"]
[Black "Vuckovic,Bo"]
[Result "1-0"]
[WhiteElo "2579"]
[BlackElo "2563"]

1.d4 Nf6 2.Bg5 Ne4 3.Bf4 c5 4.f3 Qa5+ 5.c3 Nf6 6.d5 Qb6 7.Bc1 e6 8.e4 exd5
9.exd5 Bd6 10.Na3 O-O 11.Bd3 Re8+ 12.Ne2 Bf8 13.Nc4 Qd8 14.Ne3 d6 15.O-O Nbd7
16.a4 Ne5 17.Bc2 b6 18.c4 a6 19.h3 Ra7 20.f4 Ng6 21.Ng3 Rb7 22.Bd2 Bd7 23.b3 b5
24.a5 Bc8 25.Bd3 b4 26.Ra2 Kh8 27.Bc1 Ng8 28.Bb1 Be7 29.f5 Ne5 30.Ne4 Nf6
31.Nf2 Ng8 32.Kh1 Bg5 33.Ne4 Bxe3 34.Bxe3 f6 35.Bc1 Nf7 36.Ng3 Rbe7 37.Bd3 Ne5
38.Bc2 g5 39.fxg6 hxg6 40.Bb2 Kg7 41.Qd2 f5 42.Raa1 Rf7 43.Rae1 Qh4 44.Qf2 Kh7
45.Bxe5 Rxe5 46.Rxe5 dxe5 47.Ne4 Qxf2 48.Rxf2 Rc7 49.Nd6 e4 50.g4 Nh6 51.Kg2 Bd7
52.g5 Ng8 53.Bxe4 Kg7 54.Bf3 Kf8 55.Re2 Ra7 56.Kg3 Ne7 57.Kf4 Nc8 58.Nxc8 Bxc8
59.d6 Rh7 60.Bc6  1-0

[Event "SuperLiga-ROM"]
[Site "Eforie Nord ROM"]
[Date "2008.09.02"]
[Round "2"]
[White "Manolache,M"]
[Black "Balogh,C"]
[Result "0-1"]
[WhiteElo "2521"]
[BlackElo "2624"]

1.d4 Nf6 2.Bg5 Ne4 3.Bf4 d5 4.Nf3 c5 5.dxc5 Nc6 6.Nbd2 Nxc5 7.e3 g6 8.Nb3 Bg7
9.Nxc5 Qa5+ 10.Nd2 Qxc5 11.Nb3 Qb6 12.c3 e5 13.Bg3 Be6 14.Be2 O-O 15.O-O a5
16.Rb1 Rfd8 17.Bh4 Rd7 18.Bd3 d4 19.exd4 exd4 20.c4 Nb4 21.Nc1 Nxd3 22.Nxd3 Bxc4
23.b3 Bxd3 24.Qxd3 Qa6 25.Qf3 h6 26.Rbd1 d3 27.Rfe1 a4 28.Bg3 axb3 29.axb3 Qb5
30.Bf4 Qxb3 31.Qh3 Rad8 32.Bxh6 Bxh6 33.Qxh6 d2 34.Rf1 b5 35.h4 Rd5 36.Qf4 Qc4
37.Qf6 R8d6 38.Qe7 Re6 39.Qa3 Qxh4 40.g3 Qe4 41.Ra1 Red6 42.Rfd1 Rd8 43.Qe3 Qxe3
44.fxe3 Rd3 45.Kf2 Re8 46.g4 Rexe3 47.Ra8+ Kg7 48.Rxd2 Rf3+ 49.Kg2 Rg3+ 50.Kh2 Rh3+
51.Kg2 Rdg3+  0-1

[Event "6th Master Open"]
[Site "Amantea ITA"]
[Date "2008.09.03"]
[Round "4"]
[White "Fascetti,A"]
[Black "Estremera Panos,S"]
[Result "1/2-1/2"]
[WhiteElo "2089"]
[BlackElo "2394"]

1.d4 Nf6 2.Bg5 Ne4 3.Bh4 c5 4.f3 g5 5.fxe4 gxh4 6.e3 Qb6 7.Nc3 e6 8.Qd2 cxd4
9.exd4 Nc6 10.O-O-O Bg7 11.Nf3 O-O 12.Qf4 Qd8 13.Qg4 Qf6 14.e5 Qh6+ 15.Kb1 f6
16.g3 fxe5 17.Nxe5 Nxe5 18.dxe5 Rf5 19.Bd3 Rxe5 20.gxh4 d5 21.Rhg1 Bd7 22.Rd2 Rf8
23.Rdg2 Rf7 24.Qb4 Be8 25.Qd6 Qf4 26.Ne2 Qf6 27.Qb8 Rg5 28.Qxe8+ Rf8 29.Qxe6+ Qxe6
30.Rxg5 Rf7 31.Nd4 Qb6  1/2-1/2

[Event "Open A"]
[Site "Graz SUI"]
[Date "2008.09.04"]
[Round "6"]
[White "Nickl,K"]
[Black "Huber,Ad"]
[Result "1-0"]
[WhiteElo "2162"]
[BlackElo "2075"]

1.d4 Nf6 2.Bg5 Ne4 3.Bf4 d5 4.Nd2 e6 5.Nxe4 dxe4 6.e3 Bd6 7.Bg3 O-O 8.Ne2 Nd7
9.Nc3 Qe7 10.Nxe4 Bxg3 11.hxg3 Qb4+ 12.Nd2 Qxb2 13.Bd3 f5 14.g4 Nf6 15.gxf5 exf5
16.Bc4+ Kh8 17.Rb1 Qa3 18.Rb3 Qd6 19.Nf3 Be6 20.Bxe6 Qxe6 21.Ne5 Kg8 22.Rxb7 Qd5
23.Qb1 Qxg2 24.Rf1 f4 25.Qb3+ Kh8 26.Rxc7 Nd5 27.Rf7 Rxf7 28.Nxf7+ Kg8 29.c4 Rf8
30.cxd5 Kxf7 31.d6+ Kg6 32.Qe6+ Rf6 33.Qe8+ Kh6 34.d7 Qb7 35.f3 Qb4+ 36.Kf2 Qd2+
37.Kg1 fxe3 38.d8=Q e2 39.Rb1 Qd1+ 40.Kh2 Qf1 41.Qe3+  1-0

[Event "Open"]
[Site "Herzliya ISR"]
[Date "2008.09.05"]
[Round "4"]
[White "Hertz,Y"]
[Black "Givon,A"]
[Result "0-1"]
[WhiteElo "2013"]
[BlackElo "2030"]

1.d4 Nf6 2.Bg5 Ne4 3.Bf4 c5 4.d5 Qb6 5.Qc1 c4 6.e3 Qa5+ 7.c3 Qxd5 8.f3 Nc5
9.Na3 Nd3+ 10.Bxd3 Qxd3 11.Qd1 Qg6 12.Qd2 Qc6 13.O-O-O d6 14.Ne2 Nd7 15.e4 e5
16.Be3 b5 17.Ng3 g6 18.h4 h5 19.f4 Nc5 20.Bxc5 Qxc5 21.Qd5 Qxd5 22.Rxd5 a6
23.fxe5 Bb7 24.Rdd1 Bh6+ 25.Kb1 Bf4 26.Nf1 Bxe4+ 27.Ka1 Bxg2  0-1

[Event "DMP Ekstraliga"]
[Site "Karpacz POL"]
[Date "2008.09.08"]
[Round "3"]
[White "Szymanski,M"]
[Black "Gdanski,J"]
[Result "0-1"]
[WhiteElo "2412"]
[BlackElo "2523"]

1.d4 Nf6 2.Bg5 Ne4 3.Bf4 c5 4.f3 Qa5+ 5.c3 Nf6 6.d5 Qb6 7.b3 g6 8.e4 d6 9.Bd3 Bg7
10.Ne2 O-O 11.Nd2 Nbd7 12.Nc4 Qc7 13.a4 b6 14.Qd2 Bb7 15.h4 a5 16.Rb1 b5
17.Ne3 c4 18.bxc4 bxa4 19.Nd4 Nc5 20.Bh2 e5 21.dxe6 fxe6 22.Bc2 e5 23.Ne2 Bh6
24.g4 Bxe3 25.Qxe3 Bc6 26.Bxe5 dxe5 27.Qxc5 Nd7 28.Qe3 Qa7 29.Qxa7 Rxa7 30.Kf2 Nc5
31.Ke3 Raf7 32.Rhf1 Bd7 33.g5 Bg4 34.Ng1 Be6 35.Rb6 Bxc4 36.Rd1 Rc8 37.Ra1 Bb3
38.Bxb3 axb3 39.Ne2 Rcf8 40.f4 exf4+ 41.Kd4 Rc8 42.e5 f3 43.Ng3 f2 44.Rf6 Rd7+
45.Rd6 Ne6+ 46.Kd5 Nc7+ 47.Kc6 Rxd6+ 48.Kxd6 Nb5+ 49.Kd7 Rc7+ 50.Kd8 Rxc3
51.Ne4 b2  0-1

[Event "SuperLiga-ROM"]
[Site "Eforie Nord ROM"]
[Date "2008.09.09"]
[Round "9"]
[White "Miroshnichenko,E"]
[Black "Grigore,Ge"]
[Result "1/2-1/2"]
[WhiteElo "2593"]
[BlackElo "2517"]

1.d4 Nf6 2.Bg5 Ne4 3.Bf4 c5 4.f3 Qa5+ 5.c3 Nf6 6.Nd2 cxd4 7.Nb3 Qb6 8.Qxd4 Nc6
9.Qxb6 axb6 10.Nd4 Nxd4 11.cxd4 d5 12.e3 Bd7 13.Ne2 b5 14.Nc3 b4 15.Nb5 Ra5
16.a4 bxa3 17.Rxa3 Rxa3 18.bxa3 Bc6 19.Bd3 e6 20.Nd6+ Ke7 21.g4 Ne8 22.Nb5 Kd7
23.Ke2 h6 24.Rb1 Bd6 25.Nxd6  1/2-1/2

[Event "IV Geller Memorial"]
[Site "Odessa UKR"]
[Date "2008.09.09"]
[Round "1"]
[White "Romcovici,V"]
[Black "Tukhaev,A"]
[Result "0-1"]
[WhiteElo "2222"]
[BlackElo "2498"]

1.d4 Nf6 2.Bg5 Ne4 3.Bf4 d6 4.f3 Nf6 5.e4 Nbd7 6.Nc3 e5 7.Be3 Be7 8.Qd2 O-O
9.O-O-O c6 10.Kb1 b5 11.g4 b4 12.Nce2 Nb6 13.Nc1 Qc7 14.g5 Nh5 15.Qxb4 d5
16.Qa5 exd4 17.Rxd4 c5 18.Rd3 d4 19.Bd2 Be6 20.Bh3 Bxh3 21.Nxh3 Qd7 22.Nf2 c4
23.Ra3 Bxa3 24.bxa3 c3 25.Be1 Nc4 26.Qa6 Qe6 27.Qa4 Nf4 28.Nb3 Rab8 29.Ka1 Rfd8
30.Qxa7 Ra8 31.Qc7 Nxa3 32.Qxf4 Nxc2+ 33.Kb1 Rxa2  0-1

[Event "FSIMA September"]
[Site "Budapest HUN"]
[Date "2008.09.10"]
[Round "5"]
[White "Vegh,E"]
[Black "Perez Aleman,P"]
[Result "1-0"]
[WhiteElo "2298"]
[BlackElo "2210"]

1.d4 Nf6 2.Bg5 Ne4 3.Bf4 c5 4.f3 Qa5+ 5.c3 Nf6 6.Nd2 cxd4 7.Nb3 Qb6 8.Qxd4 Nc6
9.Qxb6 axb6 10.Nd4 e5 11.Nxc6 exf4 12.Nd4 Bc5 13.Nh3 Nd5 14.e4 fxe3 15.Bc4 Nc7
16.Nf4 O-O 17.O-O-O b5 18.Bb3 d6 19.Rhe1 g5 20.Nh5 Be6 21.Nf6+ Kg7 22.Nxe6+ Nxe6
23.Ne4 Ba7 24.Bxe6 fxe6 25.Nxg5 Rf6 26.Rxd6 Rg6 27.Rd7+ Kg8 28.Nxh7 Bb6 29.h4 Rxg2
30.Nf6+ Kf8 31.Kb1 Rd8 32.h5 Rd2 33.Rxd8+ Rxd8 34.Ng4 Rd3 35.h6 Kg8 36.Nf6+ Kf7
37.h7 Rd8 38.Ng8 Kg7 39.Rh1 Kh8 40.Rh2 Rd2 41.Rxd2 exd2 42.Kc2 Bd8 43.Nh6 Bh4
44.Nf7+ Kxh7 45.Kxd2 Bg3 46.Ng5+ Kg6 47.Nxe6 Bd6 48.Kd3 b4 49.cxb4 Bxb4 50.Kc4 Be1
51.Nc5 b6 52.Nd7 Bf2 53.Kb5 Kf5 54.Nxb6  1-0

[Event "Open"]
[Site "Herzliya ISR"]
[Date "2008.09.11"]
[Round "8"]
[White "Hertz,Y"]
[Black "Zak,Uri2"]
[Result "0-1"]
[WhiteElo "2013"]
[BlackElo "2208"]

1.d4 Nf6 2.Bg5 Ne4 3.Bf4 c5 4.d5 Qb6 5.Nd2 Nxd2 6.Bxd2 Qxb2 7.e4 Qe5 8.Bd3 c4
9.Nf3 Qc7 10.Be2 e5 11.Bc3 d6 12.a4 Bg4 13.Nd2 Bxe2 14.Qxe2 Nd7 15.O-O Be7
16.Rfb1 a5 17.Rb5 b6 18.Ra3 Rc8 19.Ba1 O-O 20.Rc3 Nc5 21.Rxc4 Qd7 22.g3 Nxa4
23.Rxa4 Rxc2 24.Bc3 Rxc3 25.Ra1 Qc7 26.Rab1 Bg5 27.Nf3 Rc1+ 28.Kg2 Rxb1 29.Rxb1 Bd8
30.Qb5 Qc2 31.Re1 f5 32.Re2 Qc8 33.Qc6 Qa6 34.Re1 fxe4 35.Rxe4 Qd3 36.Re3 Qf5
37.Qc4 b5 38.Qa2 Bb6 39.Nh4 Qg4 40.h3 Qc4 41.Qxc4 bxc4 42.Rf3 Rxf3 43.Nxf3 a4
44.Ne1 a3 45.Nc2 a2  0-1

[Event "I EDAMI-Cosmocaixa"]
[Site "Barcelona ESP"]
[Date "2008.09.12"]
[Round "7"]
[White "Moskalenko,V"]
[Black "Llaneza Vega,M"]
[Result "1-0"]
[WhiteElo "2569"]
[BlackElo "2468"]

1.d4 Nf6 2.Bg5 Ne4 3.Bf4 c5 4.f3 Qa5+ 5.c3 Nf6 6.d5 Qb6 7.Bc1 e6 8.e4 exd5
9.exd5 Bd6 10.c4 Qc7 11.Bd3 b5 12.Nc3 bxc4 13.Bxc4 O-O 14.Nb5 Qb6 15.Ne2 Ba6
16.a4 Bxb5 17.axb5 a6 18.Qd3 Re8 19.bxa6 Be5 20.Kd1 d6 21.f4 Bd4 22.Nxd4 cxd4
23.Re1 Nbd7 24.Rxe8+ Rxe8 25.Qb3 Qa7 26.Qb7 Qc5 27.Bd3 Nb6 28.a7 Na8 29.Qc6 Qb4
30.Bd2 Qxb2 31.Rb1 Qa3 32.Rb8 Kf8 33.Bb5 Qb3+ 34.Qc2 Qxd5 35.Bxe8 Nxe8 36.Qc8 Qe4
37.Rxa8  1-0

[Event "TCh-SRB 1st League w"]
[Site "Subotica SRB"]
[Date "2008.09.12"]
[Round "10"]
[White "Hryhorenko,N"]
[Black "Zdebskaja,N"]
[Result "1/2-1/2"]
[WhiteElo "2345"]
[BlackElo "2422"]

1.d4 Nf6 2.Bg5 Ne4 3.Bh4 c6 4.Nd2 Qa5 5.c3 Qh5 6.Nxe4 Qxh4 7.Ng3 d5 8.Nf3 Qf6
9.e4 dxe4 10.Nxe4 Qf4 11.Bd3 Bg4 12.Qd2 Qxd2+ 13.Nfxd2 Nd7 14.f4 Bf5 15.Nd6+ exd6
16.Bxf5 g6 17.Bh3 f5 18.O-O Nf6 19.Rae1+ Kd7 20.Ne4 Nxe4 21.Rxe4 Bg7 22.Rfe1 Rae8
23.Rxe8 Rxe8 24.Rxe8 Kxe8 25.Kf2  1/2-1/2

[Event "TCh-SRB 1st League"]
[Site "Subotica SRB"]
[Date "2008.09.12"]
[Round "11"]
[White "Miladinovic,I"]
[Black "Pavlovic,Milos"]
[Result "1/2-1/2"]
[WhiteElo "2571"]
[BlackElo "2515"]

1.d4 Nf6 2.Bg5 Ne4 3.Bf4 c5 4.f3 Qa5+ 5.c3 Nf6 6.d5 e6 7.e4 d6 8.dxe6 Bxe6
9.Na3 Nc6 10.Nc4 Qd8 11.Nxd6+ Bxd6 12.Bxd6 Qb6 13.Qc1 O-O-O 14.Bg3 Rd7 15.Be2 Rhd8
16.Bf4 Nh5 17.Bg5 f6 18.Be3 Ne5 19.f4 Nd3+ 20.Bxd3 Rxd3 21.Nf3 Qc6 22.O-O Qxe4
23.Re1 Bg4 24.Nd2 Qf5 25.Nc4 Qg6 26.Qc2  1/2-1/2

[Event "I Tancats A"]
[Site "Canovelles ESP"]
[Date "2008.09.14"]
[Round "2"]
[White "Cruz,F"]
[Black "Lorenzo de la Riva,L"]
[Result "1-0"]
[WhiteElo "2416"]
[BlackElo "2367"]

1.d4 Nf6 2.Bg5 Ne4 3.Bf4 e6 4.f3 Bd6 5.Bxd6 Nxd6 6.e4 f5 7.e5 Nf7 8.f4 d5
9.Nf3 g5 10.fxg5 Nxg5 11.Nxg5 Qxg5 12.Nc3 Nc6 13.g3 Bd7 14.Ne2 Ne7 15.Qd2 Qxd2+
16.Kxd2 Ng6 17.Bg2 Ke7 18.Bf3 c5 19.c3 Bb5 20.Nf4 Nxf4 21.gxf4 cxd4 22.cxd4 Rhg8
23.Rhg1 Rxg1 24.Rxg1 Kf8 25.Rc1 Bc6 26.Be2 Ke7 27.b4 Rc8 28.Rc3 Bd7 29.Rh3 Rh8
30.Rh6 Kf8 31.Rh3 Kg7 32.Ra3 Ra8 33.Ke3 Kf8 34.Kf2 Ke7 35.Rh3 Rh8 36.Rg3 Kf8
37.Ra3 a6 38.Rc3 Ke7 39.Rc7 Rb8 40.b5 Kd8 41.b6 Ke7 42.a4 Kd8 43.a5 Ke7 44.Bd1 Kd8
45.Kg3 Ke8 46.Kh4 Bc6 47.Rxh7 Rd8 48.Kg5 Kf8 49.Rh8+ Ke7 50.Rxd8 Kxd8 51.Kf6  1-0

[Event "I Tancats B"]
[Site "Canovelles ESP"]
[Date "2008.09.14"]
[Round "2"]
[White "Avila Jimenez,J"]
[Black "Llaneza Vega,P"]
[Result "1-0"]
[WhiteElo "2286"]
[BlackElo "2260"]

1.d4 Nf6 2.Bg5 Ne4 3.Bf4 c5 4.f3 Nf6 5.d5 Nh5 6.Bg5 h6 7.Be3 e5 8.Nc3 d6
9.Qd2 Be7 10.O-O-O f5 11.g3 O-O 12.Kb1 Bd7 13.g4 fxg4 14.fxg4 Bxg4 15.Bh3 Nf6
16.Bxh6 gxh6 17.Qxh6 Rf7 18.Rf1 Rh7 19.Qe3 Qd7 20.Bg2 Na6 21.Nf3 Rg7 22.h3 Bxf3
23.Bxf3 Rf8 24.Rfg1 Rxg1+ 25.Rxg1+ Kf7 26.Ne4 Ke8 27.Rg7 Nxe4 28.Qxe4 Qxh3
29.a3 Qf5 30.Qa4+ Qd7 31.Qa5 Rf4 32.Bh5+ Kf8 33.Rg1 Qa4 34.Qe1 Bh4 35.Qc1 Qe4
36.e3 Rf6 37.Rg4 Qxd5 38.Rxh4 Qg2 39.Rh1 c4 40.Rg1 Qf2 41.e4 Qf4 42.Qe1 b6
43.Qe2 b5 44.Qg2 Ke7 45.Qg7+ Rf7 46.Bxf7 Qxf7 47.Qh8 Qf8 48.Rg7+  1-0

[Event "EYb12"]
[Site "Herceg Novi MNE"]
[Date "2008.09.15"]
[Round "1"]
[White "Balacianu,A"]
[Black "Monev,A"]
[Result "0-1"]
[WhiteElo "1708"]
[BlackElo "2087"]

1.d4 Nf6 2.Bg5 Ne4 3.Bf4 d5 4.e3 Bf5 5.Bd3 e6 6.f3 Nd6 7.Nc3 c6 8.e4 Bg6
9.Nge2 Be7 10.b3 O-O 11.Qd2 b5 12.e5 Nf5 13.a3 f6 14.O-O Nd7 15.Bxf5 Bxf5
16.b4 a6 17.Ng3 fxe5 18.dxe5 Kh8 19.Nxf5 Rxf5 20.Rfe1 Nb6 21.g4 Nc4 22.Qd4 c5
23.bxc5 Qf8  0-1

[Event "4th ch-EU"]
[Site "Liverpool ENG"]
[Date "2008.09.15"]
[Round "7"]
[White "Trent,L"]
[Black "Kotronias,V"]
[Result "1-0"]
[WhiteElo "2470"]
[BlackElo "2574"]

1.d4 Nf6 2.Bg5 Ne4 3.Bf4 c5 4.f3 Qa5+ 5.c3 Nf6 6.d5 Qb6 7.e4 Qxb2 8.Nd2 Qxc3
9.Bc7 d6 10.Rb1 b6 11.Bb5+ Bd7 12.Qa4 Qa5 13.Qxa5 bxa5 14.Bc4 Ba4 15.Bxb8 Kd8
16.Rb7 a6 17.Ba7 Bb5 18.Bb6+ Kc8 19.Rc7+ Kb8 20.Bxb5 axb5 21.Nb3 Ra6 22.Rc6 Nd7
23.Bc7+ Ka7 24.Nxa5 g6 25.Bd8 Ne5 26.Rxa6+ Kxa6 27.Nc6 Bg7 28.Bxe7 Nxc6 29.dxc6 Kb6
30.Bxd6 Kxc6 31.e5 Ra8 32.Ne2 Rxa2 33.Kf2 Bh6 34.Rb1 b4 35.g3 Bd2 36.f4 Kb5
37.Kf3 Ra3+ 38.Kg2 Ra2 39.Kf3 Ra3+ 40.Kg2 Rd3 41.g4 b3 42.f5 gxf5 43.gxf5 c4
44.Be7 Kc6 45.Ba3 Re3 46.Nd4+ Kd5 47.Nf3 Bc3 48.Rd1+ Ke4 49.e6 fxe6 50.fxe6 Kf5
51.e7 Bf6 52.Rd5+ Kf4 53.Bd6+  1-0